| 000 | 00670nam a2200169Ia 4500 | ||
|---|---|---|---|
| 003 | LK-CoDNM | ||
| 008 | 010623t2012 xxu||||| |||| 00| 1 sin d | ||
| 040 |
_aLK-CoDNM _dLK-CoDNM _eLK-CoDNM |
||
| 041 | _asin | ||
| 080 |
_a82-9 _bGUN |
||
| 100 | _aGunawardana,V.D.S | ||
| 245 | _aචිරන්තන සිංහල ගද්ය සාහිත්ය ඉතිහාසය : ආරම්භයේ සිට දඹදෙණි යුගයේ අවසානය තෙක් | ||
| 246 | _aChiranthana Sinhala Gaddya Sahithya Ithihasaya : Arambaye Sita Dabadeni Ugaye Awasanaya Thek | ||
| 260 |
_bS.Godage _aColombo _c2012 |
||
| 300 | _b72, 21 cm | ||
| 942 | _cBK | ||
| 999 |
_c132315 _d132315 |
||